000 00270nam a2200109Ia 4500
008 200302s9999 xx 000 0 und d
100 _aJack Barker & Others
245 _a100 Great Cities Of The World
260 _bAA Publishing, London
260 _c2005
300 _a221 P
999 _c4530
_d4530